Rozvoj s otazníkem /

Další autoři: Tožička, Tomáš, 1966-
Jazyk: Čeština
Vydáno: Praha : Ekumenická akademie, 2015
Témata:
Externí odkaz: Digitalizovaný dokument
Fyzický popis: 67 stran : ilustrace ; 23 cm
Knihy
Uloženo v:
LEADER 01548nam a2200421 i 4500
001 nkc20162830276
003 CZ PrNK
005 20190227235009.0
007 ta
008 170126s2015 xr a f 000 0 cze
015 |a cnb002830276 
020 |a 978-80-87661-17-8  |q (brožováno) 
035 |a (OCoLC)975046062 
040 |a ABA001  |b cze  |e rda 
072 7 |a 339.7/.9  |x Světová ekonomika a mezinárodní finance  |2 Konspekt  |9 4 
080 |a 339.96  |2 MRF 
080 |a 316.4.063.34  |2 MRF 
080 |a (082)  |2 MRF 
245 0 0 |a Rozvoj s otazníkem /  |c kolektiv autorů ; editor: Tomáš Tožička 
264 1 |a Praha :  |b Ekumenická akademie,  |c 2015 
300 |a 67 stran :  |b ilustrace ;  |c 23 cm 
336 |a text  |b txt  |2 rdacontent 
337 |a bez média  |b n  |2 rdamedia 
338 |a svazek  |b nc  |2 rdacarrier 
504 |a Obsahuje bibliografické odkazy 
650 0 7 |a rozvojová pomoc  |7 ph125279  |2 czenas 
650 0 7 |a mezinárodní spolupráce  |7 ph122828  |2 czenas 
650 0 9 |a development assistance  |2 eczenas 
650 0 9 |a international cooperation  |2 eczenas 
655 7 |a sborníky  |7 fd163935  |2 czenas 
655 9 |a papers of several authors  |2 eczenas 
700 1 |a Tožička, Tomáš,  |d 1966-  |7 mzk2005309138  |4 edt 
856 4 1 |u http://www.digitalniknihovna.cz/mzk/uuid/uuid:3ebc8d00-8675-11e8-87bd-005056827e52  |y Digitalizovaný dokument  |x NDK 
910 2 |a BOA001  |b 2-1382.067 
990 |a BK 
995 |a 01 
991 |b 201702  |c NOV 
996 6 |b 2610696005  |c 2-1382.067  |l MZK  |r Sklad / do 1 hodiny  |n 2  |p p.v.  |w 001597844  |u 000010  |a 1  |e BOA001  |j MZK50  |s P